Psicología con aplicaciones en países de habla hispana

I tiakina i:
Ngā taipitopito rārangi puna kōrero
Kaituhi matua: Feldman, Robert S (Author)
Hōputu: Pukapuka
Reo:Pāniora
I whakaputaina: Ciudad de México McGraw-Hill 2006
Putanga:6a. ed
Ngā marau:
Ngā Tūtohu: Tāpirihia he Tūtohu
Kāore He Tūtohu, Me noho koe te mea tuatahi ki te tūtohu i tēnei pūkete!

MARC

LEADER 00000cam a2200000 a 4500
001 UCE6088
003 CL-VaPUC
008 150319e20060000mx |||||||||||||||||spa|d
020 |a 9701053486 
082 0 4 |a 153  |b FEL  |2 21 
100 0 |a Feldman, Robert S  |e author  |9 578767 
245 1 0 |a Psicología con aplicaciones en países de habla hispana 
250 |a 6a. ed 
300 |a 592 p 
942 |c BK 
945 |d 20150319 12:57:00  |a arojas 
260 |a Ciudad de México  |b McGraw-Hill  |c 2006 
650 0 |a Procesos mentales superiores  |9 330839 
650 0 |a Inteligencia  |9 267038 
650 0 |a Memoria  |9 266549 
650 0 |a Aprendizaje   |9 254827 
650 0 |a Trastornos mentales  |9 307475 
650 0 |a Psicología aplicada   |9 270762 
650 0 |a Comportamiento   |9 308406 
650 0 |a Percepción   |9 266750 
583 |a last modification  |c 20150319 12:57:00  |k Rodrigo Vera 
999 |c 358556  |d 358554